Famous First Lines of Novels #1 - Statistics

General Stats
  • This quiz has been taken 197 times
  • The average score is 6 of 10
Answer Stats
First Line Novel % Correct
Call Me Ishmael. Moby Dick
92%
Mr. and Mrs. Dursley, of number four Privet Drive, were proud to say that they were perfectly normal, thank you very much. Harry Potter and the Philosopher's Stone
84%
All children, except one, grow up. Peter Pan
80%
It was a bright cold day in April, and the clocks were striking thirteen Nineteen Eighty-Four
78%
Itis a truth universally acknowledged, that a single man in possession of a good fortune, must be in want of a wife. Pride and Prejudice
75%
Last night I dreamt I went to Manderley again Rebecca
50%
Happy families are all alike; every unhappy family is unhappy in its own way. Anna Karenina
49%
There was no possibility of taking a walk that day. Jane Eyre
25%
It was love at first sight Catch-22
18%
The past is a foreign country; they do things differently there. The Go-Between
11%
No matching quizzes found
Score Distribution
Percent of People with Each Score
Percentile by Number Answered
Your Score History
You have not taken this quiz